00715nam a2200181 a 4500008004100000020001500041050001500056100001700071245009600088260004700184300002000231350000900251490005000260500015000310650001300460650004300473700001700516100930s1997 ||||||||||||||||| || u a0935018840 aSD 393 Str aHansen, Eric10aStructural changes within the global forestry sectorcedited by Ivan Eastin and Eric Hansen aMadison, WIbForest Products Societyc1997 avi, 103p.: ill. a0.00 aForest Products Society Proceedings, no. 7290 aPapers presented during the Industry Focus session of the 49th annual meeting of the Forest Products Society held in Portland, Oregon, June 1995. aFORESTRY 0aFORESTS AND FORESTRY--ECONOMIC ASPECTS aEastin, Ivan